LEADER 00935nam0-22003251i-450- 001 990007861320403321 005 20080220102240.0 010 $a88-424-9455-0 035 $a000786132 035 $aFED01000786132 035 $a(Aleph)000786132FED01 035 $a000786132 100 $a20040310d1998----km-y0itay50------ba 101 0 $aita 102 $aIT 105 $ay-------001yb 200 1 $aPiero Martinetti$ela metafisica civile di un filosofo dimenticato$econ un'appendice di documenti inediti$fAmedeo Vigorelli 210 $aMilano$cB. Mondadori$d1998 215 $a423 p.$d17 cm 225 1 $aTesti e pretesti 610 0 $aMartinetti, Piero 676 $a195$v21$zita 700 1$aVigorelli,$bAmedeo$f<1950- >$0119403 801 0$aIT$bUNINA$gRICA$2UNIMARC 901 $aBK 912 $a990007861320403321 952 $aP.1 FG 1143$fFLFBC 959 $aFLFBC 996 $aPiero Martinetti$9673657 997 $aUNINA LEADER 03392nam 2200661 450 001 9910787115003321 005 20230125185321.0 010 $a1-60649-879-7 035 $a(CKB)3710000000313117 035 $a(EBL)1887366 035 $a(SSID)ssj0001536791 035 $a(PQKBManifestationID)11833341 035 $a(PQKBTitleCode)TC0001536791 035 $a(PQKBWorkID)11512753 035 $a(PQKB)11353572 035 $a(OCoLC)898491933 035 $a(CaBNVSL)swl00404467 035 $a(Au-PeEL)EBL1887366 035 $a(CaPaEBR)ebr10997459 035 $a(OCoLC)898100936 035 $a(CaSebORM)9781606498781 035 $a(MiAaPQ)EBC1887366 035 $a(EXLCZ)993710000000313117 100 $a20141221d2015 fy 0 101 0 $aeng 135 $aur|n|---||||| 181 $ctxt 182 $cc 183 $acr 200 10$aExecutive compensation $eaccounting and economic issues /$fGary Giroux 205 $aFirst edition. 210 1$aNew York, New York (222 East 46th Street, New York, NY 10017) :$cBusiness Expert Press,$d2015. 215 $a1 online resource (212 p.) 225 1 $aFinancial accounting and auditing collection,$x2151-2817 300 $aPart of: 2014 digital library. 311 $a1-60649-878-9 320 $aIncludes bibliographical references (pages 187-190) and index. 327 $aIntroduction to executive compensation -- Compensation basics -- Accounting for executive pay -- Historical perspective on executive pay -- Economic theory -- International comparisons -- The future of executive compensation -- Appendix 1. Microsoft proxy disclosures, 2013 -- Appendix 2. Microsoft 10-K stock compensation disclosures, 2013 -- Appendix 3. Pfizer 10-K disclosures, 2012 -- Timeline -- Glossary -- Notes -- References -- Index. 330 3 $aThe chief executive officer (CEO) of a corporation and his or her executive team are responsible for the management of the business and its continued operating and financial success. The CEO and executive team are almost always highly compensated and the relative total compensation has mushroomed over time. Most of the compensation now is designed to be performance-based, but leading to charges that executives have incentives to manipulate corporate earnings and stock price in the short-term for their own self interests. The compensation at some companies became so egregious (Enron and other tech-bubble failures or Citigroup and other banks during the subprime meltdown) that compensation again became a major public policy issue subject to federal regulation. (Popular outrage and calls for government action against well-paid CEOs has been common at least since the 1930s.) 410 0$a2014 digital library. 410 0$aFinancial accounting and auditing collection.$x2151-2817 606 $aExecutives$xSalaries, etc 610 $aagency theory 610 $acompensation accounting 610 $aeconomic theory 610 $aexecutive compensation 610 $aproxy statement and 10-k disclosure 610 $astock options/stock-based compensation 615 0$aExecutives$xSalaries, etc. 676 $a658.4072 700 $aGiroux$b Gary A.$0857173 801 0$bMiAaPQ 801 1$bMiAaPQ 801 2$bMiAaPQ 906 $aBOOK 912 $a9910787115003321 996 $aExecutive compensation$93829198 997 $aUNINA LEADER 03317oam 2200637 c 450 001 9910563190903321 005 20250513224740.0 024 7 $a10.3726/b13825 035 $a(CKB)5450000000174062 035 $a(oapen)https://directory.doabooks.org/handle/20.500.12854/26688 035 $a(PH02)9783631752692 035 $a(oapen)doab26688 035 $a(EXLCZ)995450000000174062 100 $a20240525h20182000 uy 0 101 0 $ager 135 $aurnnunnnannuu 181 $ctxt$2rdacontent 182 $cc$2rdamedia 183 $acr$2rdacarrier 200 00$aZwischenstaatliche Finanzzuweisungen im zusammenwachsenden Europa$eZur Gestaltung eines Finanzausgleichs für die Europäische Union$fChrista Littmann, Steffen Meyer 205 $a1st, New ed. 210 $aFrankfurt a.M$cPH02$d2018 210 $d2018, c2000 215 $a1 online resource (388 p.)$c, EPDF 225 0 $aFinanzwissenschaftliche Schriften$v97 300 $aPeter Lang GmbH, Internationaler Verlag der Wissenschaften 311 08$a3-631-75269-5 327 $aAus dem Inhalt: Normativer Referenzrahmen - die erweiterte o?konomische Theorie des Fo?deralismus - Theoretische Grundlegung eines rationalen Finanzausgleichsystems - Zielsystem und Rahmenbedingungen eines rationalen Finanzausgleichsystems in der zusammenwachsenden EU - Funktionen der Finanzzuweisungen im europa?ischen Integrationsprozeß. 330 $aDas Erkenntnisinteresse dieser Arbeit gilt der Notwendigkeit und Geeignetheit der Vergabe von Finanzzuweisungen zwischen den Mitgliedstaaten der Europa?ischen Union. Es wird der Frage nachgegangen, welche Wohlfahrtseffekte durch ein europa?isches Finanzausgleichsystem ausgelo?st werden. Da der europa?ische Integrationsprozeß vielgestaltigen Einfluß auf die sozio-o?konomischen Lebenslagen der Bevo?lkerung nimmt, wird ein Referenzrahmen entworfen, der es erlaubt, u?ber o?konomische Kriterien hinaus auch sozio-kulturelle, rechtliche und politische Abwa?gungskalku?le zur Bewertung der Finanzzuweisungen heranzuziehen. Die Untersuchung verdeutlicht, daß es berechtigte Argumente fu?r einen europa?ischen Finanzausgleich gibt. Es zeigt sich aber auch, daß Fehlentwicklungen nicht auszuschließen sind. Ein Urteil u?ber die Wohlfahrtseffekte der Finanzzuweisungen erfordert daher eine differenzierte (Einzelfall-)Analyse. 606 $aSocial welfare & social services$2bicssc 606 $aComparative politics$2bicssc 606 $aEconomic theory & philosophy$2bicssc 606 $aPolitical economy$2bicssc 610 $aeines 610 $aEuropa 610 $aEuropäische 610 $aFinanzausgleichs 610 $aFinanzzuweisungen 610 $aGestaltung 610 $aMeyer 610 $aUnion 610 $azusammenwachsenden 610 $aZwischenstaatliche 615 7$aSocial welfare & social services 615 7$aComparative politics 615 7$aEconomic theory & philosophy 615 7$aPolitical economy 700 $aMeyer$b Steffen$4auth$0935434 702 $aLittmann$b Christa$4edt 702 $aMeyer$b Steffen$4aut 801 0$bPH02 801 1$bPH02 906 $aBOOK 912 $a9910563190903321 996 $aZwischenstaatliche Finanzzuweisungen im zusammenwachsenden Europa$93038029 997 $aUNINA